000 00781nam a2200289 a 4500
003 AR-BaBNM
005 20251128210125.0
008 082120s2002 ||||||||||||||000 | spa||
020 _a958-04-2384-9
040 _cAR-BaBNM
100 1 _aTalbert, Marc
245 0 0 _aDoble o nada
260 _aSantafé de Bogotá
_bNorma
_c1996
300 _a162 p.
_bil.
490 0 _aTorre de papel. Torre azul
_vv. 14
500 _aSe recomienda para niños a partir de nueve años
650 4 _aLITERATURA INFANTIL
650 4 _aLIBROS PARA NIÑOS
650 4 _aNOVELAS
650 4 _aHUMOR
650 4 _aLITERATURA ESTADOUNIDENSE
655 _aLITERATURA
700 1 _aSamper, Tina
_eilustrador
700 1 _aHolguín, Magdalena
_etraductor
942 _cBK
998 _cMARTIN
999 _c14140
_d14140